Sports Quiz

Random Sports or NHL Quiz

83 overall, NHL10 Quiz Stats

 Plays Quiz not verified by Sporcle

Challenge
Share
Tweet
Embed
Score 0/96 Timer 10:00
0 Plays Today
Team Player % Correct
Pittsburgh PenguinsSidney Crosby
99%
Pittsburgh PenguinsEvgeni Malkin
98%
Washington CapitalsAlexander Ovechkin
97.5%
Calgary FlamesJarome Iginla
93%
Philadelphia FlyersChris Pronger
91.5%
Chicago BlackhawksPatrick Kane
91.5%
Chicago BlackhawksJonathan Toews
91%
San Jose SharksJoe Thornton
90%
Atlanta Thrashers & New Jersey DevilsIlya Kovalchuk
89%
Detroit Red WingsNicklas Lidstrom
89%
Dallas StarsBrad Richards
88.5%
San Jose SharksDany Heatley
88%
Detroit Red WingsHenrik Zetterberg
88%
Carolina HurricanesEric Staal
88%
Philadelphia FlyersMike Richards
88%
Pittsburgh PenguinsJordan Staal
88%
Detroit Red WingsPavel Datsyuk
87.5%
Boston BruinsZdeno Chara
87.5%
Vancouver CanucksHenrik Sedin
86.5%
Vancouver CanucksDaniel Sedin
86.5%
San Jose SharksPatrick Marleau
84.5%
New York RangersMarian Gaborik
84%
Chicago BlackhawksMarian Hossa
83.5%
Tampa Bay LightningVincent Lecavalier
81.5%
Columbus Blue JacketsRick Nash
81%
Ottawa SenatorsDaniel Alfredsson
80.5%
Chicago BlackhawksDuncan Keith
80%
Washington CapitalsNicklas Backstrom
78%
Anaheim DucksRyan Getzlaf
77%
Ottawa SenatorsJason Spezza
77%
Philadelphia FlyersJeff Carter
76.5%
Washington CapitalsAlexander Semin
76%
Team Player % Correct
Los Angeles KingsAnze Kopitar
73.5%
Tampa Bay LightningSteven Stamkos
73.5%
New Jersey DevilsZach Parise
72.5%
Pittsburgh PenguinsSergei Gonchar
71.5%
Chicago BlackhawksBrent Seabrook
71%
San Jose SharksDan Boyle
70.5%
Anaheim DucksCorey Perry
69%
Minnesota WildMikko Koivu
68%
Anaheim DucksScott Niedermayer
66.5%
Washington CapitalsMike Green
65.5%
Philadelphia FlyersDaniel Briere
65%
Phoenix CoyotesShane Doan
65%
Philadelphia FlyersSimon Gagne
65%
Boston BruinsMarc Savard
64%
Montreal CanadiensScott Gomez
62%
New Jersey DevilsPatrick Elias
61.5%
Buffalo SabresThomas Vanek
59%
Los Angeles KingsDrew Doughty
58.5%
Los Angeles KingsDustin Brown
58.5%
Montreal CanadiensMichael Cammalleri
58%
New Jersey DevilsBrian Gionta
57.5%
Buffalo SabresDerek Roy
55.5%
Colorado AvalanchePaul Stastny
54.5%
Anaheim DucksBobby Ryan
53.5%
Edmonton OilersAles Hemsky
52.5%
Calgary FlamesJay Bouwmeester
52.5%
Toronto Maple LeafsPhil Kessel
52.5%
Tampa Bay LightningMartin St. Louis
50%
Colorado Avalanche and Phoenix CoyotesWojtek Wolski
50%
Montreal CanadiensAndrei Markov
49.5%
Anaheim DucksTeemu Selanne
49.5%
Calgary FlamesOlli Jokinen
49%
Team Player % Correct
Vancouver CanucksRyan Kesler
47%
Florida PanthersNathan Horton
47%
Dallas StarsBrenden Morrow
46%
New York IslandersMark Streit
45.5%
Dallas StarsMike Ribeiro
45%
New Jersey DevilsTravis Zajac
45%
Florida PanthersStephen Weiss
44.5%
San Jose SharksRob Blake
44%
Nashvile PredatorsShea Weber
44%
New Jersey DevilsJamie Langenbrunner
44%
Toronto Maple LeafsTomas Kaberle
41.5%
St. Louis BluesBrad Boyes
39%
Nashville PredatorsJason Arnott
37.5%
Minnesota WildMartin Havlat
37.5%
Ottawa SenatorsAlex Kovalev
36.5%
Los Angeles KingsAlexander Frolov
35.5%
Calgary FlamesRobyn Regehr
34.5%
Philadelphia FlyersKimmo Timonen
32.5%
Colorado AvalancheMilan Hejduk
32.5%
Ottawa SenatorsMike Fisher
32%
Montreal CanadiensTomas Plekanec
29.5%
Phoenix CoyotesEd Jovanovski
29.5%
Detroit Red WingsBrian Rafalski
28%
Edmonton OilersDustin Penner
27%
Edmonton OilersShawn Horcoff
26.5%
Ottawa SenatorsChris Phillips
19.5%
Tampa Bay LightningAlex Tanguay
19%
St. Louis BluesAndy McDonald
19%
St. Louis BluesEric Brewer
14.5%
Atlant Moscow Oblast (Not in Game)Nikolai Zherdev
12%
San Jose SharksChristian Ehrhoff
7.5%
Calgary Flames and Toronto Maple LeafsDion Phaeuf
1.5%

You're not logged in!

Compare scores with friends on all Sporcle quizzes.
Join for Free
OR
Log In

You Might Also Like...

Show Comments

Extras

Created Jun 15, 2010ReportFavoriteNominate
Tags:NHL Quiz, overall, skater

Top Quizzes Today


Score Distribution

Your Account Isn't Verified!

In order to create a playlist on Sporcle, you need to verify the email address you used during registration. Go to your Sporcle Settings to finish the process.

Report this User

Report this user for behavior that violates our Community Guidelines.

Details: